| 000 | 01101nam a2200241Ia 4500 | ||
|---|---|---|---|
| 008 | 130821s1976 ck gr spa | ||
| 040 |
_aCo-BoUCM _bspa |
||
| 041 | 0 | 0 | _aspa |
| 100 | 1 |
_aGiraldo Suárez, Juan de Dios _9165493 |
|
| 245 | 1 | 3 |
_aEl derecho de los tratados _cJuan de Dios Giraldo Suárez |
| 260 |
_aMedellín (Antioquia, Colombia) _bEdiciones Tenaces _c1976 |
||
| 300 | _a210 páginas | ||
| 490 | 0 |
_aTemas Jurídicos _v1 |
|
| 504 | _aIncluye bibliografía, p. 209-210 | ||
| 505 | 2 | _aClasificación de los actos jurídicos -- Obligaciones interancionales --Los tratados -- De la capacidad y el consentimiento -- Del procedimiento para la conclusión de tratados -- De las reservas -- De la entrada en vigor de los tratados -- Efecto de los tratados -- La nulidad de los tratados. | |
| 650 | 0 | 4 |
_aActos jurídicos _98468 |
| 650 | 0 | 4 |
_aDerecho internacional _912776 |
| 650 | 0 | 4 |
_aNegociación de tratados _920160 |
| 650 | 0 | 4 |
_aObligaciones internacionales _920658 |
| 650 | 0 | 4 |
_aTratados _925816 |
| 942 |
_cLIBRO _a8 _e1 _mG47d _2DEWEY _h341.37 _n0 |
||
| 999 |
_c61722 _d61722 |
||